|
|
|
|
| LEADER |
00000nbm0a2200000 4500 |
| 001 |
134716 |
| 005 |
20231218134554.0 |
| 035 |
|
|
|a (RuTPU)RU\TPU\book\146022
|
| 090 |
|
|
|a 134716
|
| 100 |
|
|
|a 20080403d1970 k y0rusy50 ca
|
| 101 |
0 |
|
|a rus
|
| 102 |
|
|
|a RU
|
| 105 |
|
|
|a a m 001zy
|
| 200 |
1 |
|
|a Исследование и усовершенствование защиты агрегата генератор-трансформатор от замыканий на землю на стороне генераторного напряжения
|e диссертация на соискание ученой степени кандидата технических наук
|f П. Т. Анохин
|g Томский политехнический институт (ТПИ) ; науч. рук. И. Д. Кутявин, Р. А. Вайнштейн
|
| 210 |
|
|
|a Томск
|d 1970
|
| 215 |
|
|
|a 186 л.
|c ил.
|
| 320 |
|
|
|a Библиогр.: с. 181 - 183 ( 36 назв.)
|
| 610 |
1 |
|
|a агрегаты
|
| 610 |
1 |
|
|a генераторы
|
| 610 |
1 |
|
|a трансформаторы
|
| 610 |
1 |
|
|a напряжение
|
| 610 |
1 |
|
|a защита от замыканий
|
| 610 |
1 |
|
|a нейтрали
|
| 610 |
1 |
|
|a сопротивления
|
| 610 |
1 |
|
|a конденсаторы
|
| 610 |
1 |
|
|a переходные процессы
|
| 610 |
1 |
|
|a дугогасящие устройства
|
| 610 |
1 |
|
|a ток
|
| 610 |
1 |
|
|a разрядники
|
| 610 |
1 |
|
|a исследования
|
| 610 |
1 |
|
|a диссертации
|
| 675 |
|
|
|a 621.316.9(04)
|v 3
|
| 675 |
|
|
|a 621.313.12(04)
|v 3
|
| 700 |
|
1 |
|a Анохин
|b П. Т.
|
| 702 |
|
1 |
|a Кутявин
|b И. Д.
|4 727
|
| 702 |
|
1 |
|a Вайнштейн
|b Р. А.
|c специалист в области электроэнергетики
|c профессор Томского политехнического университета, доктор технических наук
|f 1937-
|g Роберт Александрович
|3 (RuTPU)RU\TPU\pers\26489
|4 727
|9 12191
|
| 712 |
0 |
2 |
|a Томский политехнический институт (ТПИ)
|c (1944-1991)
|3 (RuTPU)RU\TPU\col\1123
|
| 801 |
|
1 |
|a RU
|b 63413507
|c 20080403
|g PSBO
|
| 801 |
|
2 |
|a RU
|b 63413507
|c 20140429
|g RCR
|
| 942 |
|
|
|c BK
|